[Event "Perth op"]
[Site "Perth"]
[Date "2023.01.05"]
[Round "5"]
[White "Teh, Hui Lam"]
[Black "Li, Hui"]
[Result "0-1"]
[WhiteElo "1706"]
[BlackElo "1956"]
[PlyCount "116"]
[EventDate "2023.01.02"]
[EventType "swiss"]
[EventRounds "11"]
[EventCountry "AUS"]
[SourceTitle "CBM 212 Extra"]
[Source "ChessBase"]
[SourceDate "2023.03.31"]
[SourceVersion "1"]
[SourceVersionDate "2023.03.31"]
[SourceQuality "1"]

1. e4 c5 2. Nc3 Nc6 3. f4 g6 4. Nf3 Bg7 5. a4 a6 6. g3 d6 7. h3 e6 8. Bg2 Nge7 9. 0-0 0-0 10. d3 Rb8 11. Qe1 b5 12. axb5 axb5 13. Nd1 b4 14. Ne3 Bd7 15. g4 f5 16. exf5 exf5 17. g5 Qc7 18. Nd2 Rfe8 19. Ndc4 Nd4 20. Qf2 Bc6 21. Ra6 Ra8 22. Bxc6 Ndxc6 23. Rxa8 Rxa8 24. Qg2 Rd8 25. Nd5 Nxd5 26. Qxd5+ Kf8 27. Be3 Nd4 28. Bxd4 Bxd4+ 29. Kg2 Qe7 30. Kg3 Qe2 31. Nxd6 Qe7 32. Nxf5 Rxd5 33. Nxe7 Kxe7 34. b3 Ke6 35. Re1+ Kf7 36. Kg4 Bc3 37. Re4 Rd6 38. f5 Rd4 39. Kf4 Bd2+ 40. Kg4 gxf5+ 41. Kxf5 Rd5+ 42. Kg4 Bxg5 43. Re2 Bf6 44. Rf2 Re5 45. Kf4 Re1 46. Kg4 Kg6 47. Rg2 h5+ 48. Kf4+ Kf7 49. Kf3 Rh1 50. Kg3 h4+ 51. Kg4 Re1 52. Kf4 Re8 53. Rf2 Rg8 54. Ke4 Rg5 55. Kf4 Rg3 56. Rh2 Bd4 57. Ke4 Ke6 58. Kf4 Be5+ 0-1

[Event "Perth op"]
[Site "Perth"]
[Date "2023.01.04"]
[Round "4"]
[White "Lakner, Jay"]
[Black "Teh, Hui Lam"]
[Result "0-1"]
[WhiteElo "2060"]
[BlackElo "1706"]
[PlyCount "90"]
[EventDate "2023.01.02"]
[EventType "swiss"]
[EventRounds "11"]
[EventCountry "AUS"]
[SourceTitle "CBM 212 Extra"]
[Source "ChessBase"]
[SourceDate "2023.03.31"]
[SourceVersion "1"]
[SourceVersionDate "2023.03.31"]
[SourceQuality "1"]

1. c4 c5 2. Nc3 g6 3. g3 Bg7 4. Bg2 d6 5. e4 Nc6 6. Nge2 Nf6 7. 0-0 Nd7 8. d3 Nf8 9. Be3 Ne6 10. Qd2 0-0 11. Bh6 Ned4 12. h4 Bh3 13. f3 Qd7 14. h5 Nxe2+ 15. Nxe2 Ne5 16. Bxg7 Kxg7 17. d4 cxd4 18. Qxd4 f6 19. Nf4 Bxg2 20. Kxg2 g5 21. h6+ Kxh6 22. Rh1+ Kg7 23. Nh5+ Kh8 24. b3 b5 25. f4 gxf4 26. Nxf4 Qg4 27. Qe3 bxc4 28. Rh4 Qg5 29. Qc3 Rf7 30. Ne6 Qg6 31. Rah1 cxb3 32. axb3 Rg8 33. Qe3 f5 34. Rh6 Qg4 35. R1h4 Qd1 36. Rf4 Qc2+ 37. Rf2 Qxe4+ 38. Qxe4 fxe4 39. Ra2 Rf3 40. Rh3 Rxb3 41. Rxa7 Rb2+ 42. Kf1 Rc8 43. Nc7 Rf8+ 44. Kg1 Nf3+ 45. Kh1 Ng5 0-1

[Event "Perth op"]
[Site "Perth"]
[Date "2023.01.03"]
[Round "3"]
[White "Teh, Hui Lam"]
[Black "Rafiei Darani, Daryoush"]
[Result "1-0"]
[WhiteElo "1706"]
[BlackElo "1504"]
[PlyCount "71"]
[EventDate "2023.01.02"]
[EventType "swiss"]
[EventRounds "11"]
[EventCountry "AUS"]
[SourceTitle "CBM 212 Extra"]
[Source "ChessBase"]
[SourceDate "2023.03.31"]
[SourceVersion "1"]
[SourceVersionDate "2023.03.31"]
[SourceQuality "1"]

1. e4 c6 2. d4 d5 3. Nc3 dxe4 4. Nxe4 Nd7 5. Nf3 Ngf6 6. Ng3 e6 7. Bd3 Be7 8. 0-0 0-0 9. Re1 Qb6 10. c3 c5 11. Nf5 Bd8 12. Ne3 Qc7 13. g3 b6 14. Nc4 Nd5 15. Bf1 Bb7 16. Qe2 cxd4 17. Nxd4 Ba6 18. Nxe6 Bxc4 19. Nxc7 Bxe2 20. Nxd5 Bxf1 21. Kxf1 Nc5 22. b3 Rc8 23. c4 Kh8 24. Re3 Ne6 25. Bb2 Re8 26. f4 Rc6 27. Rae1 Rg8 28. f5 Nc7 29. Ne7 Bxe7 30. Rxe7 f6 31. Rd1 Rc5 32. g4 h5 33. h3 Ne8 34. Rd8 Nc7 35. Rdd7 Ne8 36. Rxa7 1-0

[Event "Penang op 11th"]
[Site "Penang"]
[Date "2019.12.13"]
[Round "7"]
[White "Teh, Hui Lam"]
[Black "Khandhar, Kaushal"]
[Result "0-1"]
[WhiteElo "1715"]
[BlackElo "1957"]
[PlyCount "79"]
[EventDate "2019.12.09"]
[EventType "swiss"]
[EventRounds "9"]
[EventCountry "MAS"]
[SourceTitle "CBM 193 Extra"]
[Source "ChessBase"]
[SourceDate "2020.01.31"]
[SourceVersion "1"]
[SourceVersionDate "2020.01.31"]
[SourceQuality "1"]

1. Nf3 d5 2. g3 c6 3. Bg2 Bg4 4. d3 Nd7 5. c4 e6 6. 0-0 Ngf6 7. b3 Bd6 8. Bb2 Qe7 9. Nbd2 0-0 10. h3 Bxf3 11. Nxf3 a5 12. a3 Rfe8 13. Re1 e5 14. cxd5 cxd5 15. e3 Rac8 16. Re2 Rc6 17. Rc2 Rec8 18. Rxc6 Rxc6 19. a4 Nb8 20. Rc1 Na6 21. d4 e4 22. Ne5 Rc7 23. Bf1 Nb4 24. Bb5 Ne8 25. Kg2 f6 26. Ng4 h5 27. Nh2 g6 28. Ba3 Rxc1 29. Qxc1 Nc7 30. Bxb4 Bxb4 31. Be2 Bd6 32. Qc3 Bb4 33. Qc1 Kf7 34. f3 f5 35. fxe4 fxe4 36. Qf1+ Kg7 37. Qf4 Bd6 38. Qh4 Qxh4 39. gxh4 Be7 40. Kg3 0-1

[Event "Pattaya op"]
[Site "Pattaya"]
[Date "2019.10.30"]
[Round "9"]
[White "Teh, Hui Lam"]
[Black "Abramowski, Joerg"]
[Result "1/2-1/2"]
[WhiteElo "1679"]
[BlackElo "1946"]
[PlyCount "104"]
[EventDate "2019.10.23"]
[EventType "swiss"]
[EventRounds "9"]
[EventCountry "THA"]
[SourceTitle "CBM 195 Extra"]
[Source "ChessBase"]
[SourceDate "2020.05.31"]
[SourceVersion "1"]
[SourceVersionDate "2020.05.31"]
[SourceQuality "1"]

1. Nf3 d5 2. c4 e6 3. g3 Nf6 4. Bg2 Be7 5. 0-0 0-0 6. b3 c5 7. cxd5 exd5 8. d4 Nc6 9. Bb2 Bf5 10. Nbd2 Rc8 11. a3 b6 12. dxc5 bxc5 13. Ne5 Nxe5 14. Bxe5 Qb6 15. Nf3 Rfd8 16. e3 h6 17. Rc1 Be4 18. Nh4 Bh7 19. Bh3 Rc6 20. Nf5 Bf8 21. g4 Ne4 22. Qc2 f6 23. Ba1 a5 24. Rfd1 Bxf5 25. gxf5 Rcc8 26. Bg2 Qb7 27. Bc3 a4 28. bxa4 Kh8 29. Rb1 Qf7 30. Bxe4 dxe4 31. Qxe4 Rxd1+ 32. Rxd1 Qb3 33. Qd3 Qxa4 34. Qd7 Ra8 35. Qxa4 Rxa4 36. Rd8 Kg8 37. Bb2 Kf7 38. Kg2 c4 39. Rc8 Bxa3 40. Bxa3 Rxa3 41. Rxc4 Ra7 42. Kf3 g6 43. Kg4 gxf5+ 44. Kxf5 Ra5+ 45. Kf4 Rh5 46. Kg3 Re5 47. e4 Rg5+ 48. Kf3 Rh5 49. Kg2 Rg5+ 50. Kf1 Rh5 51. Kg2 Rg5+ 52. Kf1 Rh5 1/2-1/2

[Event "Pattaya op"]
[Site "Pattaya"]
[Date "2019.10.25"]
[Round "4"]
[White "Chia, Yu Zhe Ashton"]
[Black "Teh, Hui Lam"]
[Result "1-0"]
[WhiteElo "1730"]
[BlackElo "1679"]
[PlyCount "163"]
[EventDate "2019.10.23"]
[EventType "swiss"]
[EventRounds "9"]
[EventCountry "THA"]
[SourceTitle "CBM 195 Extra"]
[Source "ChessBase"]
[SourceDate "2020.05.31"]
[SourceVersion "1"]
[SourceVersionDate "2020.05.31"]
[SourceQuality "1"]

1. e4 c5 2. c3 g6 3. d4 cxd4 4. cxd4 d5 5. exd5 Nf6 6. Bb5+ Nbd7 7. Nc3 Bg7 8. d6 exd6 9. Qe2+ Qe7 10. Bf4 Qxe2+ 11. Bxe2 Ke7 12. 0-0-0 Nb6 13. Bf3 Rd8 14. Nge2 Rb8 15. Rhe1 Kf8 16. Nb5 Ne8 17. Nxa7 Be6 18. Nc3 Bxa2 19. Nxa2 Ra8 20. Nb5 Rxa2 21. Kb1 Ra5 22. Rxe8+ Rxe8 23. Bxd6+ Kg8 24. Nc7 Rd8 25. Bc5 Na4 26. Bb4 Rf5 27. b3 Nb6 28. d5 Bf8 29. d6 Nc8 30. d7 Bxb4 31. dxc8Q Rxc8 32. Nd5 Rxf3 33. gxf3 Bc5 34. Rc1 Rc6 35. b4 Bf8 36. b5 Rxc1+ 37. Kxc1 Bc5 38. Nf6+ Kg7 39. Ne4 Bd4 40. Kc2 Be5 41. h3 b6 42. Kd3 f5 43. Nd2 Kf6 44. Nc4 Bc7 45. Kd4 Ke6 46. f4 Bd8 47. f3 Bh4 48. Ke3 Bd8 49. Kd4 Bh4 50. Ke3 Be7 51. Kd4 Bc5+ 52. Kd3 Kd5 53. Ne5 Be7 54. Nd7 Bd8 55. Nf8 Be7 56. Nxh7 Kc5 57. Ng5 Kxb5 58. Nf7 Ka4 59. Kc2 Ka3 60. Kb1 Kb3 61. Ne5 g5 62. fxg5 Bxg5 63. Ng6 Kc4 64. h4 Kc3 65. h5 Kd3 66. h6 Ke3 67. f4 Kf3 68. h7 b5 69. Kc2 b4 70. Kb3 Bf6 71. Ne5+ Kxf4 72. h8Q Bxe5 73. Qh6+ Ke4 74. Kxb4 f4 75. Qh3 Bd4 76. Kc4 Be3 77. Qg4 Bf2 78. Qe6+ Kf3 79. Kd3 Kg3 80. Ke4 Be3 81. Qg6+ Kf2 82. Qg4 1-0

[Event "Pattaya op"]
[Site "Pattaya"]
[Date "2019.10.24"]
[Round "2"]
[White "Hong, Ian"]
[Black "Teh, Hui Lam"]
[Result "1/2-1/2"]
[WhiteElo "1390"]
[BlackElo "1679"]
[PlyCount "61"]
[EventDate "2019.10.23"]
[EventType "swiss"]
[EventRounds "9"]
[EventCountry "THA"]
[SourceTitle "CBM 195 Extra"]
[Source "ChessBase"]
[SourceDate "2020.05.31"]
[SourceVersion "1"]
[SourceVersionDate "2020.05.31"]
[SourceQuality "1"]

1. e4 c5 2. Nf3 g6 3. d4 cxd4 4. Nxd4 Nc6 5. Nc3 Bg7 6. Be3 Nf6 7. Bc4 Qa5 8. 0-0 0-0 9. Bb3 d6 10. h3 Bd7 11. Re1 Rac8 12. Nd5 Rfe8 13. f3 Ne5 14. c3 b5 15. Qd2 Nxd5 16. exd5 Nc4 17. Bxc4 Rxc4 18. Nb3 Qc7 19. Rac1 a5 20. Bd4 a4 21. Bxg7 Kxg7 22. Nd4 Rc5 23. Nc2 Qb7 24. Nb4 Qa7 25. Qd4+ Kg8 26. Kh1 a3 27. b3 Qa8 28. Re3 Qc8 29. Nc2 Qa8 30. Nb4 Qc8 31. Nc2 1/2-1/2

[Event "Penang Mini op 2nd"]
[Site "Penang"]
[Date "2019.06.09"]
[Round "9"]
[White "Teh, Hui Lam"]
[Black "Teh, Rui Gen"]
[Result "0-1"]
[WhiteElo "1765"]
[BlackElo "1298"]
[PlyCount "96"]
[EventDate "2019.06.05"]
[EventType "swiss"]
[EventRounds "9"]
[EventCountry "MAS"]
[SourceTitle "CBM 190 Extra"]
[Source "ChessBase"]
[SourceDate "2019.07.15"]
[SourceVersion "1"]
[SourceVersionDate "2019.07.15"]
[SourceQuality "1"]

1. d4 d5 2. c4 c6 3. Nf3 Nf6 4. Nc3 dxc4 5. Ne5 Bf5 6. Nxc4 e6 7. e3 Be7 8. Be2 0-0 9. 0-0 Nbd7 10. f3 Nb6 11. Ne5 Bd6 12. e4 Bxe5 13. exf5 Qxd4+ 14. Qxd4 Bxd4+ 15. Kh1 Rfe8 16. fxe6 Rxe6 17. Bd3 Rae8 18. Bd2 Be3 19. Be1 Nfd5 20. Ne4 Nf6 21. Ng3 Bd4 22. Bc3 Bxc3 23. bxc3 Nbd5 24. c4 Nb6 25. a4 Nbd7 26. a5 Re3 27. Rfd1 Nc5 28. Bf1 R3e7 29. h3 Nb3 30. Ra3 Nc5 31. Nf5 Re5 32. g4 Re1 33. Rxe1 Rxe1 34. Kg1 h6 35. Kf2 Re8 36. f4 Nfe4+ 37. Kg2 Nd2 38. Ra2 Nxf1 39. Kxf1 Re4 40. Nd6 Rxf4+ 41. Rf2 Rxf2+ 42. Kxf2 Kf8 43. Ke3 Ke7 44. Nc8+ Kd7 45. Nxa7 Kc7 46. Kd4 Ne6+ 47. Ke5 Kb8 48. Nxc6+ bxc6 0-1

[Event "Penang Mini op 2nd"]
[Site "Penang"]
[Date "2019.06.06"]
[Round "4"]
[White "Senador, Emmanuel"]
[Black "Teh, Hui Lam"]
[Result "1-0"]
[WhiteElo "2297"]
[BlackElo "1765"]
[PlyCount "79"]
[EventDate "2019.06.05"]
[EventType "swiss"]
[EventRounds "9"]
[EventCountry "MAS"]
[SourceTitle "CBM 190 Extra"]
[Source "ChessBase"]
[SourceDate "2019.07.15"]
[SourceVersion "1"]
[SourceVersionDate "2019.07.15"]
[SourceQuality "1"]

1. e4 c5 2. d4 cxd4 3. c3 g6 4. Nf3 Bg7 5. cxd4 d5 6. exd5 Nf6 7. Bb5+ Nbd7 8. 0-0 0-0 9. d6 exd6 10. Nc3 Nb6 11. Bg5 Be6 12. Re1 Rc8 13. h3 Bc4 14. Bxc4 Nxc4 15. Nd5 Kh8 16. Rc1 h6 17. Bxf6 Bxf6 18. Qb3 Na5 19. Rxc8 Qxc8 20. Qb4 Nc6 21. Qxd6 Bg7 22. Ne7 Qd8 23. Qxd8 Rxd8 24. Nxc6 bxc6 25. Re4 Kg8 26. Kf1 Kf8 27. Ke2 Rd5 28. Kd3 g5 29. Kc4 f5 30. Re6 g4 31. Ne5 Ra5 32. a3 h5 33. Nxc6 Ra6 34. Kc5 f4 35. hxg4 hxg4 36. Rg6 Rb6 37. b4 Kf7 38. Rxg4 Bh6 39. Ne5+ Ke8 40. Rg6 1-0

[Event "Penang Mini op 2nd"]
[Site "Penang"]
[Date "2019.06.05"]
[Round "2"]
[White "Poh, Yu Tian"]
[Black "Teh, Hui Lam"]
[Result "1/2-1/2"]
[WhiteElo "1927"]
[BlackElo "1765"]
[PlyCount "166"]
[EventDate "2019.06.05"]
[EventType "swiss"]
[EventRounds "9"]
[EventCountry "MAS"]
[SourceTitle "CBM 190 Extra"]
[Source "ChessBase"]
[SourceDate "2019.07.15"]
[SourceVersion "1"]
[SourceVersionDate "2019.07.15"]
[SourceQuality "1"]

1. e4 c5 2. Nf3 g6 3. d4 cxd4 4. Nxd4 Nc6 5. Nc3 Bg7 6. Be3 Nf6 7. Nb3 0-0 8. Be2 d6 9. 0-0 Be6 10. f4 Qc8 11. h3 Rd8 12. Bf3 Bc4 13. Rf2 e5 14. Nd5 exf4 15. Bxf4 Nxd5 16. exd5 Ne5 17. Be2 Bxe2 18. Qxe2 Qc4 19. Bxe5 Qxe2 20. Rxe2 dxe5 21. Rd1 Rac8 22. c3 f5 23. Rc2 b5 24. Na5 e4 25. c4 bxc4 26. Rxc4 Rxc4 27. Nxc4 Kf7 28. b3 Ke7 29. Kf1 Kd7 30. Ke2 f4 31. h4 h6 32. Re1 g5 33. hxg5 hxg5 34. Rh1 Ke7 35. Rd1 g4 36. g3 f3+ 37. Ke3 Kd7 38. Kxe4 Re8+ 39. Kd3 Re2 40. Ne3 Rxa2 41. Nxg4 Rg2 42. Ke3 Rxg3 43. Kf4 Rh3 44. Nf2 Rh4+ 45. Kxf3 Rb4 46. Rd3 Rd4 47. Rxd4 Bxd4 48. Ne4 Ke7 49. Ke2 Kd7 50. Kd3 Bg1 51. Kc4 Ke7 52. Kd3 Bb6 53. Kc4 Kd7 54. Kd3 Ke7 55. Ke2 Kf7 56. Kf3 Bd4 57. Nd2 Kf6 58. Ke4 Bb6 59. Nc4 Bg1 60. Kd3 Ke7 61. Nd2 Kd6 62. Kc4 Bb6 63. Ne4+ Ke5 64. Nc5 Kd6 65. b4 Kc7 66. Ne4 Kd7 67. Kb5 Kc7 68. Kc4 Kd7 69. Kd3 Ke7 70. Ke2 Kf7 71. b5 Kg6 72. Nd6 Kf6 73. Nc4 Bc5 74. Kd3 Kf5 75. Nd2 Ke5 76. Kc4 Be3 77. Nb3 Bb6 78. Nc5 Kd6 79. Na4 Bf2 80. Nc3 Ke5 81. Kb3 Bd4 82. Kc4 Bxc3 83. Kxc3 Kxd5 1/2-1/2

[Event "Penang Mini op 2nd"]
[Site "Penang"]
[Date "2019.06.05"]
[Round "1"]
[White "Teh, Hui Lam"]
[Black "Tan, Yik Chean"]
[Result "1-0"]
[WhiteElo "1765"]
[BlackElo "1586"]
[PlyCount "79"]
[EventDate "2019.06.05"]
[EventType "swiss"]
[EventRounds "9"]
[EventCountry "MAS"]
[SourceTitle "CBM 190 Extra"]
[Source "ChessBase"]
[SourceDate "2019.07.15"]
[SourceVersion "1"]
[SourceVersionDate "2019.07.15"]
[SourceQuality "1"]

1. Nf3 d5 2. b3 Nf6 3. g3 Bf5 4. Bg2 c6 5. Bb2 Nbd7 6. 0-0 e6 7. d3 Bd6 8. Nbd2 0-0 9. a3 Re8 10. h3 e5 11. c4 e4 12. dxe4 dxe4 13. Nh4 Bg6 14. Nxg6 hxg6 15. e3 Qc7 16. Qc2 Be5 17. b4 Rad8 18. c5 Bxb2 19. Qxb2 Ne5 20. Rfd1 b5 21. cxb6 Qxb6 22. Qc2 Nd3 23. Nxe4 Nxe4 24. Bxe4 Ne5 25. Rxd8 Rxd8 26. Qc3 Re8 27. Rc1 Re6 28. Bg2 Qd8 29. Qd4 Qf6 30. f4 Nd7 31. Qxd7 Rxe3 32. Qxc6 Qb2 33. Qa8+ Kh7 34. Rc8 Re1+ 35. Kh2 g5 36. f5 g6 37. fxg6+ fxg6 38. Rc7+ Kh6 39. Qf8+ Kh5 40. Rh7# 1-0